Les featurings de Cinco - Statistiques

Statistiques générales
  • Ce quiz a été pris 12 fois
  • Le résultat moyen est 10 sur 51
Statistiques - réponses
Département Artistes Sons % Correct
93 Bné Capi (2022)
75%
18 Josman G13 (2022)
75%
75 Leto Ultimate Trap (2019), Four (2020)
75%
93 Tiakola Capi (2022)
75%
13 100 Blaze Ultimate Trap (2019)
63%
75 Franglish BB (2021)
63%
75 Cheu-B My Chain (2018), Ultimate Trap (2019), Bobby (2019)
50%
95 Key Largo Terrible (2020), Gangsta (2021)
50%
91 Kodes Ultimate Trap (2019)
50%
Unknown Tsew The Kid Ensemble (2022)
38%
28 Deeloc Murder (2021)
25%
75 Jok'air Hendrix du tieks (2019)
25%
75 Kanoé Besoin d'aide (2021)
25%
77 Negrito Besoin d'aide (2021)
25%
93 Prototype Black Widow (2020), Mundo (2021), PSYCHO (2023)
25%
Unknown Tengo John OLB (2018), Temporada freestyle #5 (2019), Addictions (2019), MTM (2020)
25%
Unknown USKY Addictions (2019)
25%
Unknown Aero Où j'ai grandi (2022)
13%
Unknown Cahiips Azile (2018)
13%
Unknown Capitaine Roshi Temporada freestyle #5 (2019)
13%
Unknown Chanje Secteur (2021)
13%
Unknown Curtis Kane Errrrday (2019)
13%
Unknown Dadou Jamais (2018), L'argent du sang (2018), Bentley vert kaki (2018), Cada Mañana (2019), Dans ton lit (2019), Pour moi (2022)
13%
Unknown Ismo Z17 Papers (2020), Sur ma route (2021)
13%
Unknown Jack Mess Où j'ai grandi (2022)
13%
Unknown Josué Les princes (2019), TP (2021)
13%
91 Kpoint Hendrix du tieks (2019)
13%
Unknown Monkki Zoovie (2018), Bentley vert kaki (2018)
13%
91 Shotas Besoin d'aide (2021)
13%
91 S-Pion Papers (2020)
13%
Unknown Waïv AU CŒUR DE LA NUIT (2023)
13%
Unknown Akeela UGDT (2020)
0%
Unknown Beeby Addictions (2019)
0%
Unknown Brasi 185 (2022)
0%
Unknown Cam Gee Cold Streets (2020)
0%
Unknown Di-Meh MTM (2020)
0%
Unknown Eden DIllinger Addictions (2019)
0%
Unknown GB Addictions (2019)
0%
Unknown Harley Voyou (2022)
0%
Unknown Kader Diaby 4 Real Pish-pish (2021)
0%
Unknown Kazmi Besoin d'aide (2021)
0%
Unknown KR Malsain S.T.U.N.T (2023)
0%
Unknown La M Colt 45 (2022)
0%
Unknown Leonis J'te dis (2022)
0%
Unknown LMZ Betclic (2021)
0%
Unknown Maxi Jay Baby Boo (2023)
0%
Unknown Misa MONNAIE (2023)
0%
Unknown OUENZA Addictions (2019)
0%
Unknown SKG Esili (2020)
0%
Unknown Squidji No Love (2023)
0%
Unknown TLE Freestlye 2 (2023)
0%
Aucun quiz correspondant
Distribution des résultats
% des personnes avec chaque résultat
Percentile par nombre de réponses
Votre historique - résultats
Vous n’avez pas pris ce quiz